000
00319nam a2200145Ia 4500
008
230312s9999||||xx |||||||||||||| ||und||
082
_a
028.8
_b
MUR
100
_a
Murad Khuram
245
0
_a
Self Development
260
_b
Manshurat
_a
Lahore
_c
2005
300
_a
38
546
_a
Eng.
650
_a
Computer
942
_c
BK
999
_c
2868
_d
2868